Statistics for Save Americans by Guessing U.S. States

Click here to take the quiz!

General Stats

  • This quiz has been taken 123,561 times
    (120,308 since last reset)
  • The average score is 164 of 330

Answers on the Map

Answers color-coded by a green-red scale on the quiz's map according to % correct below.
 

Answer Stats

PopulationState% Correct
39,512,223California
91%
19,453,561New York
85%
28,995,881Texas
84%
21,477,737Florida
78%
7,614,893Washington
58%
11,689,100Ohio
49%
10,617,423Georgia
47%
12,671,821Illinois
47%
7,278,717Arizona
44%
4,217,737Oregon
44%
731,545Alaska
41%
9,986,857Michigan
39%
12,801,989Pennsylvania
37%
4,903,185Alabama
36%
3,080,156Nevada
36%
8,882,190New Jersey
36%
1,344,212Maine
35%
5,758,736Colorado
33%
1,415,872Hawaii
33%
10,488,084North Carolina
32%
2,096,829New Mexico
29%
3,205,958Utah
29%
8,535,519Virginia
29%
6,732,219Indiana
28%
6,949,503Massachusetts
28%
1,787,065Idaho
27%
3,155,070Iowa
26%
1,068,778Montana
24%
2,913,314Kansas
23%
6,045,680Maryland
22%
5,639,632Minnesota
22%
5,148,714South Carolina
22%
3,017,825Arkansas
21%
4,648,794Louisiana
20%
2,976,149Mississippi
20%
3,956,971Oklahoma
19%
4,467,673Kentucky
18%
6,833,174Tennessee
18%
623,989Vermont
18%
5,822,434Wisconsin
18%
6,137,428Missouri
17%
578,759Wyoming
17%
973,764Delaware
16%
3,565,287Connecticut
15%
1,934,408Nebraska
15%
1,359,711New Hampshire
15%
762,062North Dakota
15%
884,659South Dakota
13%
1,059,361Rhode Island
11%
1,792,147West Virginia
9%

Score Distribution

Percentile by Number Answered

Percent of People with Each Score

Your Score History

You have not taken this quiz since the last reset